[Event "IV Open A"]
[Site "Omegna ITA"]
[Date "2016.08.05"]
[Round "1"]
[White "Bardi, Massimo"]
[Black "Montilli, Vincenzo"]
[WhiteElo "1953"]
[BlackElo "2270"]
[Result "0-1"]
[PlyCount "86"]
[EventDate "2016.08.05"]

1. e4 e6 2. d4 d5 3. exd5 exd5 4. Bd3 c5 5. dxc5 Bxc5 6. Nf3 Nf6 7. Qe2+ Be7 8.
O-O O-O 9. Bg5 Nc6 10. c3 Bg4 11. Bc2 Re8 12. Nbd2 Qd7 13. Qd3 g6 14. Nd4 Nh5
15. Bh6 Nxd4 16. Qxd4 Bf6 17. Ba4 Bxd4 18. Bxd7 Bxf2+ 19. Rxf2 Bxd7 20. Nb3 Ng7
21. Bxg7 Kxg7 22. Rd1 Bc6 23. Rdf1 Re7 24. Nd4 f5 25. g4 fxg4 26. Rf6 Bd7 27.
Rd6 Rf8 28. Rxf8 Kxf8 29. Rxd5 Kf7 30. Rd6 Bf5 31. Kf2 Bd7 32. a3 Ke8 33. Rd5
Rf7+ 34. Kg3 Ke7 35. c4 Rf1 36. Re5+ Kf6 37. Rd5 Bf5 38. Rb5 b6 39. Nc6 Rf3+
40. Kg2 Be4 41. Nxa7 Rxa3+ 42. Kf2 Rxa7 43. Rxb6+ Kg5 0-1

[Event "IV Open A"]
[Site "Omegna ITA"]
[Date "2016.08.05"]
[Round "1"]
[White "Benenati, Gianfranco"]
[Black "Mina, Marco"]
[WhiteElo "1817"]
[BlackElo "2057"]
[Result "1-0"]
[PlyCount "128"]
[EventDate "2016.08.05"]

1. e4 e6 2. d4 d5 3. e5 c5 4. c3 Qb6 5. Nf3 Nc6 6. Be2 cxd4 7. cxd4 Nh6 8. Nc3
Nf5 9. Na4 Qa5+ 10. Bd2 Bb4 11. Bc3 b5 12. a3 Bxc3+ 13. Nxc3 b4 14. axb4 Qxb4
15. Bb5 Bd7 16. Bxc6 Bxc6 17. Qd2 O-O 18. O-O a5 19. g4 Ne7 20. h4 f5 21. exf6
Rxf6 22. Ne5 Bb5 23. Rfd1 Ba6 24. Ra4 Qb6 25. Nd7 Qc7 26. Nxf6+ gxf6 27. Re1
Kf7 28. Ne2 Rg8 29. f3 Nc6 30. Nf4 Rd8 31. Ra3 Qb6 32. Rd1 Bc4 33. Kg2 Bb3 34.
Rxb3 Qxb3 35. Nh5 Ke7 36. Rc1 Rc8 37. Rc3 Qb6 38. Qc2 Kd6 39. Qd2 Rf8 40. Qf4+
Ke7 41. Qc1 Kd7 42. Qc2 Rf7 43. Qa4 Kd6 44. Qa3+ Qb4 45. Rd3 Qxa3 46. bxa3 e5
47. dxe5+ fxe5 48. Ng3 Nd4 49. h5 Ne6 50. Rb3 Kc5 51. Rc3+ Kb5 52. Re3 Nf4+ 53.
Kh2 Kc4 54. Rxe5 d4 55. Ne4 Kb3 56. Rxa5 d3 57. Nc5+ Kc2 58. Ne4 Kd1 59. Rb5 d2
60. Rb2 Rd7 61. Rxd2+ Rxd2+ 62. Nxd2 Kxd2 63. Kg3 Kc3 64. a4 Ne6 1-0

[Event "IV Open A"]
[Site "Omegna ITA"]
[Date "2016.08.05"]
[Round "1"]
[White "Brugo, Marco"]
[Black "Del Nevo, Claudio"]
[WhiteElo "2053"]
[BlackElo "1807"]
[Result "1-0"]
[PlyCount "67"]
[EventDate "2016.08.05"]

1. d4 d6 2. e4 Nf6 3. Nc3 c6 4. a4 a5 5. Bc4 g6 6. Nf3 e6 7. Bb3 Bg7 8. Bg5 Qc7
9. Qd2 Nbd7 10. O-O O-O 11. Rad1 d5 12. e5 Ne4 13. Nxe4 dxe4 14. Ne1 b6 15. f3
Ba6 16. Rf2 exf3 17. Rxf3 c5 18. c3 c4 19. Bc2 f6 20. exf6 Bxf6 21. Bxf6 Rxf6
22. Rxf6 Nxf6 23. Nf3 Rf8 24. Re1 Bc8 25. Qe2 Ng4 26. h3 Rxf3 27. Qxf3 Qh2+ 28.
Kf1 Nh6 29. Qc6 Qf4+ 30. Kg1 Qf8 31. Qxc4 Bd7 32. Qc7 Qe7 33. Bb3 Qe8 34. Qxd7
1-0

[Event "IV Open A"]
[Site "Omegna ITA"]
[Date "2016.08.05"]
[Round "1"]
[White "Coppola, Federico"]
[Black "Valtemara, Mattia Angelo"]
[WhiteElo "2005"]
[BlackElo "1775"]
[Result "1-0"]
[PlyCount "85"]
[EventDate "2016.08.05"]

1. Nf3 Nf6 2. c4 c6 3. g3 d5 4. Bg2 dxc4 5. a4 Bf5 6. O-O e6 7. Na3 Bxa3 8.
Rxa3 h6 9. b3 Nbd7 10. bxc4 O-O 11. d3 Re8 12. Qb3 Qc8 13. Bd2 e5 14. Rb1 Rb8
15. Qb2 b6 16. Qa1 Qc7 17. a5 b5 18. cxb5 Rxb5 19. Rc1 c5 20. a6 Qd6 21. Be1 e4
22. dxe4 Bxe4 23. Bc3 Reb8 24. Nd2 Bxg2 25. Kxg2 Nb6 26. Be5 Qc6+ 27. Rf3 Rd8
28. Bxf6 gxf6 29. Nf1 Nd7 30. Kg1 Rb6 31. Ne3 Ne5 32. Rf4 Ng6 33. Rf5 Rd7 34.
Ng4 Rd6 35. Qc3 Kg7 36. Qe3 Kg8 37. Rfxc5 Qd7 38. Rc8+ Nf8 39. Qxh6 Rd1+ 40.
Rxd1 Qxd1+ 41. Kg2 Qd5+ 42. f3 Qd6 43. Nxf6+ 1-0

[Event "IV Open A"]
[Site "Omegna ITA"]
[Date "2016.08.05"]
[Round "1"]
[White "Ferretti, Folco"]
[Black "Tripodi, Enzo"]
[WhiteElo "2223"]
[BlackElo "1896"]
[Result "1-0"]
[PlyCount "59"]
[EventDate "2016.08.05"]

1. Nf3 Nf6 2. c4 e6 3. Nc3 b6 4. g3 Bb7 5. Bg2 Be7 6. O-O O-O 7. Re1 d5 8. cxd5
exd5 9. d4 Nbd7 10. Bf4 c5 11. Qc2 Nh5 12. Bd2 Nhf6 13. Rad1 Rc8 14. Qf5 g6 15.
Qb1 Re8 16. Bf4 Nf8 17. dxc5 Bxc5 18. Bg5 Bb4 19. e4 Ne6 20. Bxf6 Qxf6 21. exd5
Bxc3 22. bxc3 Rxc3 23. Nd2 Ng7 24. Rxe8+ Nxe8 25. Ne4 Qg7 26. Nxc3 Qxc3 27. Qc1
Qxc1 28. Rxc1 Kf8 29. d6 Bxg2 30. d7 1-0

[Event "IV Open A"]
[Site "Omegna ITA"]
[Date "2016.08.05"]
[Round "1"]
[White "Lanzani, Mario"]
[Black "Buonanno, Raffaele"]
[WhiteElo "2292"]
[BlackElo "1966"]
[Result "1-0"]
[PlyCount "137"]
[EventDate "2016.08.05"]

1. c4 Nf6 2. Nc3 g6 3. e3 Bg7 4. Nf3 d6 5. d4 O-O 6. Be2 c5 7. O-O Nbd7 8. d5
a6 9. e4 b6 10. h3 Bb7 11. Bf4 Re8 12. Re1 Qc7 13. Bf1 Nh5 14. Bh2 Ne5 15. Nd2
Bh6 16. Nf3 Nxf3+ 17. Qxf3 e5 18. dxe6 fxe6 19. Rad1 Rad8 20. Qg4 Bg7 21. e5
dxe5 22. Rxd8 Qxd8 23. Bxe5 Bxe5 24. Rxe5 Ng7 25. Qd1 Qxd1 26. Nxd1 Rd8 27. Nc3
Rd2 28. Re2 Rd4 29. Re1 Bc6 30. b3 Kf7 31. g3 Nf5 32. Bg2 Rd6 33. Bxc6 Rxc6 34.
Ne4 h6 35. Rd1 Ke7 36. Kg2 Rc7 37. g4 Nd4 38. b4 Nc2 39. bxc5 bxc5 40. Rb1 Na3
41. Rc1 Rb7 42. Rc3 Nb1 43. Rb3 Rxb3 44. axb3 Kd7 45. Nxc5+ Kc6 46. Nxa6 Nd2
47. Nb4+ Kc5 48. Nd3+ Kd4 49. Nf4 Nxb3 50. Nxg6 Kxc4 51. Ne5+ Kd5 52. Nf7 Nd2
53. Nxh6 Ke4 54. Kg3 Nf1+ 55. Kh4 Kf4 56. g5 Ke5 57. Kg4 Nh2+ 58. Kg3 Nf1+ 59.
Kf3 Nd2+ 60. Kg4 Ne4 61. f4+ Kd6 62. Nf7+ Ke7 63. Ne5 Kf8 64. h4 Kg7 65. h5
Nf2+ 66. Kf3 Nh3 67. Nd3 Ng1+ 68. Kf2 Nh3+ 69. Kg2 1-0

[Event "IV Open A"]
[Site "Omegna ITA"]
[Date "2016.08.05"]
[Round "1"]
[White "Mantovan, Giuseppe"]
[Black "Tolibayev, Timur"]
[WhiteElo "1824"]
[BlackElo "2096"]
[Result "0-1"]
[PlyCount "114"]
[EventDate "2016.08.05"]

1. d4 d5 2. Bf4 Nf6 3. e3 c5 4. c3 e6 5. Nd2 Nc6 6. Ngf3 Bd6 7. Ne5 Qc7 8. Nxc6
Bxf4 9. exf4 bxc6 10. g3 Rb8 11. Qc2 O-O 12. Bd3 Qb6 13. Rb1 cxd4 14. cxd4 Qxd4
15. O-O Qb6 16. Rfc1 Ba6 17. Bxa6 Qxa6 18. b3 Rb6 19. Nf3 c5 20. Ne5 Rc8 21. g4
Qb7 22. Qd1 Nd7 23. Nf3 Rb4 24. Qd2 Qb8 25. Rc3 Qxf4 26. Qxf4 Rxf4 27. h3 Nb6
28. Kg2 h6 29. Kg3 g5 30. h4 f6 31. Rh1 c4 32. hxg5 hxg5 33. bxc4 Rcxc4 34.
Rxc4 Rxc4 35. Re1 Kf7 36. Rh1 Kg7 37. Re1 e5 38. Nd2 Rc2 39. Nf1 d4 40. a4 Nxa4
41. Kf3 Nc3 42. Ng3 Nd5 43. Nf5+ Kg6 44. Rh1 a5 45. Rh6+ Kf7 46. Rh7+ Ke6 47.
Ra7 Rc5 48. Ra6+ Kd7 49. Ke4 Kc7 50. Rd6 a4 51. Ra6 Kb7 52. Rd6 a3 53. Rd7+ Kb6
54. Rd8 a2 55. Ra8 Nc3+ 56. Kd3 Ra5 57. Nd6 Rxa8 0-1

[Event "IV Open A"]
[Site "Omegna ITA"]
[Date "2016.08.05"]
[Round "1"]
[White "Pasquotto, Mirko"]
[Black "Barletta, Mauro"]
[WhiteElo "1844"]
[BlackElo "2147"]
[Result "0-1"]
[PlyCount "78"]
[EventDate "2016.08.05"]

1. Nf3 e6 2. c4 f5 3. g3 Nf6 4. Bg2 Be7 5. O-O O-O 6. d4 d6 7. Nc3 Ne4 8. Qc2
Nxc3 9. bxc3 Nc6 10. Rb1 e5 11. d5 Nb8 12. c5 Qe8 13. cxd6 cxd6 14. Ng5 Bxg5
15. Bxg5 Nd7 16. Bc1 Nc5 17. f4 e4 18. Be3 Qa4 19. Qxa4 Nxa4 20. Bd4 b6 21. e3
Ba6 22. Rfd1 Rfc8 23. Rbc1 Bc4 24. Bf1 b5 25. Rd2 Bxf1 26. Kxf1 Rc4 27. Rdc2
Rac8 28. Ke2 a6 29. Kd2 Kf7 30. a3 Nc5 31. Rb1 Nd7 32. Rb4 Nf8 33. Rxc4 Rxc4
34. Kc1 Ng6 35. Rd2 Ne7 36. Kb2 Nxd5 37. Bxg7 Nxe3 38. Bh8 Rc8 39. Bd4 Nc4+ 0-1

[Event "IV Open A"]
[Site "Omegna ITA"]
[Date "2016.08.05"]
[Round "1"]
[White "Quirico, Paolo"]
[Black "Vecchione, Anna Pia"]
[WhiteElo "2120"]
[BlackElo "1840"]
[Result "1-0"]
[PlyCount "67"]
[EventDate "2016.08.05"]

1. d4 Nf6 2. Bg5 e6 3. e4 Be7 4. Nd2 d5 5. Bxf6 Bxf6 6. e5 Be7 7. Qg4 O-O 8.
Ngf3 c5 9. dxc5 Bxc5 10. Bd3 h6 11. Nb3 Be7 12. O-O b6 13. Nbd4 Ba6 14. Rad1
Qd7 15. Rfe1 Rc8 16. Re3 Qa4 17. h3 Bxd3 18. Rexd3 Na6 19. Nh4 Bxh4 20. Qxh4
Nc5 21. Rg3 Ne4 22. Rg4 Kh7 23. f3 Nc5 24. Nf5 Qxg4 25. Qxg4 exf5 26. Qxf5+ Kg8
27. Rxd5 Rd8 28. c4 Ne6 29. Qd3 Kf8 30. g3 Ke7 31. f4 Nc5 32. Qe3 Rac8 33. b4
Na6 34. Qa3 1-0

[Event "IV Open A"]
[Site "Omegna ITA"]
[Date "2016.08.05"]
[Round "1"]
[White "Temi, Walter"]
[Black "Sala, Tiziano Paolo"]
[WhiteElo "2089"]
[BlackElo "1819"]
[Result "1/2-1/2"]
[PlyCount "51"]
[EventDate "2016.08.05"]

1. e4 d6 2. d4 Nf6 3. Nc3 g6 4. Be3 a6 5. Qd2 b5 6. f3 Bb7 7. Nge2 Nbd7 8. g4
c5 9. g5 Nh5 10. Ng3 Nxg3 11. hxg3 Bg7 12. O-O-O c4 13. a3 Qc7 14. Rh4 f5 15.
Bh3 O-O-O 16. exf5 gxf5 17. Bxf5 Bxf3 18. Rf1 Qb7 19. Rxh7 Rxh7 20. Bxh7 e6 21.
g6 Nf6 22. Bh6 Nxh7 23. gxh7 Bh8 24. Kb1 Be4 25. Nxe4 Qxe4 26. Qe1 1/2-1/2

[Event "IV Open A"]
[Site "Omegna ITA"]
[Date "2016.08.05"]
[Round "1"]
[White "Tortora, Franco"]
[Black "Rifai, Abdulkader"]
[WhiteElo "1860"]
[BlackElo "2194"]
[Result "0-1"]
[PlyCount "68"]
[EventDate "2016.08.05"]

1. d4 d5 2. c4 c6 3. cxd5 cxd5 4. Nc3 Nc6 5. Nf3 Nf6 6. Bf4 a6 7. Ne5 Qb6 8.
Nxc6 bxc6 9. Qd2 Nh5 10. Bg5 h6 11. Bh4 Rb8 12. Nd1 e5 13. e3 g5 14. Be2 Nf6
15. Bg3 Bb4 16. Nc3 Ne4 17. Qc2 exd4 18. Bxb8 dxc3 19. O-O Qxb8 20. bxc3 Nxc3
21. Bd3 O-O 22. Bf5 Qe5 23. Bxc8 Rxc8 24. Qd3 a5 25. Qa6 Rc7 26. Qd3 c5 27. Qa6
c4 28. Qxh6 Bf8 29. Qb6 f6 30. f4 gxf4 31. exf4 Ne2+ 32. Kh1 Nxf4 33. Rae1 Ne2
34. Qf2 Qxh2+ 0-1

[Event "IV Open A"]
[Site "Omegna ITA"]
[Date "2016.08.05"]
[Round "1"]
[White "Tripi, Nicolo'"]
[Black "Vezzosi, Paolo"]
[WhiteElo "1985"]
[BlackElo "2340"]
[Result "0-1"]
[PlyCount "54"]
[EventDate "2016.08.05"]

1. e4 c5 2. Nf3 e6 3. g3 Nc6 4. Bg2 Nf6 5. Nc3 d6 6. d4 cxd4 7. Nxd4 Bd7 8. O-O
Be7 9. Bg5 a6 10. a4 Qc7 11. Nb3 Ne5 12. Nd2 h6 13. Bf4 O-O 14. Qe2 b5 15. Nb3
bxa4 16. Nxa4 Bb5 17. Qd2 Bxf1 18. Rxf1 Rac8 19. Bxe5 dxe5 20. Rc1 Rfd8 21. Qe2
Qc6 22. Nc3 Bb4 23. Na2 a5 24. Nxb4 axb4 25. c3 Qa4 26. Nd2 bxc3 27. bxc3 Qa3
0-1

[Event "IV Open A"]
[Site "Omegna ITA"]
[Date "2016.08.05"]
[Round "1"]
[White "Vincenzi, Marco"]
[Black "Fattorelli, Luciano"]
[WhiteElo "2149"]
[BlackElo "1859"]
[Result "1-0"]
[PlyCount "87"]
[EventDate "2016.08.05"]

1. d4 Nf6 2. c4 g6 3. Nc3 Bg7 4. e4 d6 5. Nf3 O-O 6. Be2 e5 7. O-O Nc6 8. d5
Ne7 9. Ne1 Nd7 10. Nd3 f5 11. Bd2 fxe4 12. Nxe4 Nf6 13. Ng5 Nf5 14. Rc1 Nd4 15.
Be3 Nxe2+ 16. Qxe2 h6 17. Ne6 Bxe6 18. dxe6 Qe8 19. c5 Qxe6 20. cxd6 cxd6 21.
Rc7 Rf7 22. Rfc1 Nd5 23. Rxf7 Kxf7 24. b3 a6 25. h3 Re8 26. Qd2 Nxe3 27. Qxe3
Re7 28. Nb4 Kg8 29. Qe4 Rf7 30. Nd5 Qf5 31. f3 Qxe4 32. fxe4 h5 33. Rc8+ Rf8
34. Rc4 Rf7 35. b4 Bf6 36. g3 Bg5 37. Kg2 h4 38. Rc2 hxg3 39. Kxg3 Kg7 40. Kg4
Bd8 41. Rc8 Bf6 42. a4 Rd7 43. b5 axb5 44. axb5 1-0

[Event "IV Open A"]
[Site "Omegna ITA"]
[Date "2016.08.06"]
[Round "2"]
[White "Barletta, Mauro"]
[Black "Lanzani, Mario"]
[WhiteElo "2147"]
[BlackElo "2292"]
[Result "1/2-1/2"]
[PlyCount "81"]
[EventDate "2016.08.05"]

1. f4 d5 2. Nf3 g6 3. e3 Bg7 4. Be2 Nf6 5. O-O O-O 6. d3 c5 7. a4 Nc6 8. Ne5
Qc7 9. Nxc6 bxc6 10. Bf3 e5 11. fxe5 Qxe5 12. Nc3 d4 13. exd4 cxd4 14. Re1 Qb8
15. Ne2 Nd5 16. Bxd5 cxd5 17. Bf4 Qb6 18. Qd2 Bg4 19. b3 Rac8 20. h3 Bf5 21.
Ng3 Be6 22. Re2 Rc3 23. Rae1 Rfc8 24. Be5 Rxc2 25. Qf4 Rxe2 26. Rxe2 Bxe5 27.
Rxe5 Qc7 28. Qxd4 Qb6 29. Qxb6 axb6 30. Ne2 Kf8 31. Kf2 Rc2 32. Kf3 Ke7 33. Nd4
Rd2 34. Re3 Kd6 35. g4 Bd7 36. Kf4 h6 37. Rf3 Rh2 38. Kg3 Rd2 39. Kf4 Rh2 40.
Kg3 Rd2 41. h4 1/2-1/2

[Event "IV Open A"]
[Site "Omegna ITA"]
[Date "2016.08.06"]
[Round "2"]
[White "Buonanno, Raffaele"]
[Black "Pasquotto, Mirko"]
[WhiteElo "1966"]
[BlackElo "1844"]
[Result "0-1"]
[PlyCount "78"]
[EventDate "2016.08.05"]

1. d4 Nf6 2. c4 g6 3. Nc3 Bg7 4. e4 d6 5. f3 O-O 6. Be3 c5 7. d5 Qa5 8. Bd3
Nbd7 9. Qd2 a6 10. Nh3 Ne5 11. Nf2 Nxd3+ 12. Qxd3 b5 13. O-O Nd7 14. cxb5 axb5
15. a3 Ba6 16. Qc2 Nb6 17. Nd3 Na4 18. Nd1 Rfc8 19. Rb1 Qc7 20. N1f2 Nb6 21.
Rfc1 Nc4 22. Bf4 Qb7 23. Qb3 Bd4 24. Kh1 Na5 25. Qa2 c4 26. b4 cxb3 27. Qd2 Nc4
28. Qb4 b2 29. Rf1 Qb6 30. Nd1 Nxa3 31. Qxa3 b4 32. Qb3 Bc4 33. Qc2 Ba2 34. Qe2
Bxb1 35. N1xb2 Bc2 36. Bg5 Ra2 37. Nd1 Bb3 38. Qe1 Rcc2 39. Qg3 Bc4 0-1

[Event "IV Open A"]
[Site "Omegna ITA"]
[Date "2016.08.06"]
[Round "2"]
[White "Del Nevo, Claudio"]
[Black "Bardi, Massimo"]
[WhiteElo "1807"]
[BlackElo "1953"]
[Result "1/2-1/2"]
[PlyCount "88"]
[EventDate "2016.08.05"]

1. d4 d5 2. Nf3 e6 3. c3 c5 4. Bg5 Qb6 5. Qc2 Nc6 6. e3 Bd7 7. Nbd2 cxd4 8.
Nxd4 e5 9. Nxc6 Bxc6 10. Be2 f6 11. Bh4 Nh6 12. Bh5+ Nf7 13. Bxf7+ Kxf7 14. Qb3
Bc5 15. Qxb6 Bxb6 16. O-O g5 17. Bg3 h5 18. h3 h4 19. Bh2 Rag8 20. a4 a6 21.
Rfe1 g4 22. hxg4 Rxg4 23. a5 Rhg8 24. g3 hxg3 25. Bxg3 Bc7 26. Kg2 f5 27. Kf3
e4+ 28. Ke2 Bxg3 29. fxg3 Rxg3 30. Rh1 Bb5+ 31. Kd1 Bd3 32. Re1 Rg1 33. Nb3
Rxe1+ 34. Kxe1 Rg1+ 35. Kf2 Rxa1 36. Nxa1 Kf6 37. Nb3 Bb5 38. Kg3 Ke5 39. Nd4
Bd3 40. Nb3 Bb5 41. Nd4 Ba4 42. Ne2 Bb3 43. Nf4 Bc4 44. Kh4 Kf6 1/2-1/2

[Event "IV Open A"]
[Site "Omegna ITA"]
[Date "2016.08.06"]
[Round "2"]
[White "Dobboletta, Alex"]
[Black "Vincenzi, Marco"]
[WhiteElo "2018"]
[BlackElo "2149"]
[Result "1-0"]
[PlyCount "71"]
[EventDate "2016.08.05"]

1. c4 Nf6 2. Nc3 c5 3. e4 Nc6 4. g3 d6 5. Bg2 Nd4 6. Nge2 g6 7. Nxd4 cxd4 8.
Ne2 Bg7 9. d3 Qa5+ 10. Bd2 Qb6 11. b4 O-O 12. O-O Ng4 13. h3 Ne5 14. Be1 Be6
15. Nf4 Rac8 16. Nxe6 fxe6 17. Rc1 g5 18. f4 gxf4 19. gxf4 Ng6 20. Bg3 Qxb4 21.
h4 e5 22. Bh3 Qc5 23. Bxc8 Qxc8 24. f5 Nf4 25. Bxf4 exf4 26. Rxf4 Kh8 27. Qh5
Be5 28. Rg4 Rg8 29. Kf2 Rxg4 30. Qxg4 b6 31. Rg1 Qf8 32. Ke2 Bf6 33. Qf4 Be5
34. Qc1 Bg7 35. Kf3 Qf7 36. Qg5 {...} 1-0

[Event "IV Open A"]
[Site "Omegna ITA"]
[Date "2016.08.06"]
[Round "2"]
[White "Fattorelli, Luciano"]
[Black "Mattavelli, Italo"]
[WhiteElo "1859"]
[BlackElo "1784"]
[Result "1-0"]
[PlyCount "101"]
[EventDate "2016.08.05"]

1. c4 Nf6 2. Nf3 g6 3. d4 Bg7 4. Nc3 d6 5. e4 O-O 6. Be2 Nc6 7. O-O e5 8. d5
Ne7 9. Ne1 Ne8 10. Nd3 f5 11. f3 f4 12. b4 g5 13. c5 Rf7 14. a4 Bf8 15. Ba3 Rg7
16. Rc1 h5 17. h3 Ng6 18. Na2 Nf6 19. Nf2 g4 20. hxg4 hxg4 21. fxg4 Nh4 22. Rc3
Nh5 23. Bf3 Ng3 24. Re1 Rh7 25. Nc1 Ng6 26. Ncd3 Qf6 27. b5 Nh8 28. Qc2 Qh4 29.
Nh3 Bxg4 30. Bxg4 Qxg4 31. Ndf2 Qg6 32. a5 Nf7 33. cxd6 cxd6 34. Rc7 f3 35.
gxf3 Ne2+ 36. Kh1 Rg7 37. Ng4 Nf4 38. Nxf4 exf4 39. Bb2 Rh7+ 40. Kg1 Ne5 41.
Bxe5 dxe5 42. Rxh7 Kxh7 43. Qc7+ Kh8 44. Qxe5+ Bg7 45. Qxf4 Rf8 46. Qg3 Rc8 47.
d6 Qe6 48. Qh4+ Kg8 49. e5 Re8 50. Qf2 Qg6 51. d7 1-0

[Event "IV Open A"]
[Site "Omegna ITA"]
[Date "2016.08.06"]
[Round "2"]
[White "Mina, Marco"]
[Black "Temi, Walter"]
[WhiteElo "2057"]
[BlackElo "2089"]
[Result "1/2-1/2"]
[PlyCount "54"]
[EventDate "2016.08.05"]

1. e4 e6 2. d4 d5 3. Nd2 Nf6 4. e5 Nfd7 5. c3 c5 6. Bd3 Nc6 7. Ne2 cxd4 8. cxd4
f6 9. exf6 Nxf6 10. Nf3 Bd6 11. O-O O-O 12. Bf4 Bxf4 13. Nxf4 Ne4 14. Qc1 Qf6
15. Ne2 Nd6 16. Qd2 Bd7 17. Rac1 Be8 18. b4 a6 19. Qb2 Bg6 20. Ne5 Bxd3 21.
Nxd3 Nc4 22. Qc3 Qh4 23. Nc5 Rf6 24. g3 Qh5 25. Nf4 Rxf4 26. gxf4 Nd2 27. Qxd2
Qg4+ 1/2-1/2

[Event "IV Open A"]
[Site "Omegna ITA"]
[Date "2016.08.06"]
[Round "2"]
[White "Montilli, Vincenzo"]
[Black "Brugo, Marco"]
[WhiteElo "2270"]
[BlackElo "2053"]
[Result "1-0"]
[PlyCount "79"]
[EventDate "2016.08.05"]

1. Nf3 f5 2. g3 Nf6 3. Bg2 d6 4. d4 e6 5. O-O Be7 6. c4 O-O 7. Nc3 Ne4 8. Bd2
Nd7 9. Qc2 Ndf6 10. Rad1 c6 11. Ne1 d5 12. Bc1 Bd7 13. Nd3 Be8 14. f3 Nxc3 15.
Qxc3 Bd6 16. Rfe1 Bg6 17. Bf4 Bxf4 18. Nxf4 Qe8 19. e3 h6 20. Qb4 Rb8 21. b3
Bf7 22. Nd3 Bg6 23. Rd2 Bh7 24. Qd6 Rd8 25. Qa3 a6 26. Qb4 Rf7 27. Rde2 Re7 28.
Qc3 Nd7 29. e4 fxe4 30. fxe4 e5 31. exd5 exd4 32. Rxe7 Qxe7 33. Qxd4 c5 34. Qc3
Qg5 35. Nf4 Qf6 36. Qxf6 Nxf6 37. Re7 Rd7 38. Rxd7 Nxd7 39. d6 Bb1 40. Bh3 1-0

[Event "IV Open A"]
[Site "Omegna ITA"]
[Date "2016.08.06"]
[Round "2"]
[White "Rifai, Abdulkader"]
[Black "Coppola, Federico"]
[WhiteElo "2194"]
[BlackElo "2005"]
[Result "1-0"]
[PlyCount "51"]
[EventDate "2016.08.05"]

1. e4 e6 2. d4 d5 3. Nc3 Nf6 4. Bg5 Bb4 5. e5 h6 6. Be3 Ne4 7. Qg4 g6 8. Bd3
Bxc3+ 9. bxc3 Nxc3 10. Nf3 h5 11. Qf4 Na4 12. O-O b6 13. Ng5 Qe7 14. Bc1 Ba6
15. Ba3 c5 16. dxc5 Nxc5 17. Rfd1 Bb7 18. c4 dxc4 19. Be4 O-O 20. Bxc5 bxc5 21.
Bxb7 Qxb7 22. Ne4 Kg7 23. Qf6+ Kh7 24. Ng5+ Kg8 25. Rd8 Nd7 26. Qxf7+ 1-0

[Event "IV Open A"]
[Site "Omegna ITA"]
[Date "2016.08.06"]
[Round "2"]
[White "Sala, Tiziano Paolo"]
[Black "Benenati, Gianfranco"]
[WhiteElo "1819"]
[BlackElo "1817"]
[Result "1/2-1/2"]
[PlyCount "71"]
[EventDate "2016.08.05"]

1. Nf3 d5 2. g3 Nf6 3. Bg2 g6 4. b3 Bg7 5. Bb2 c6 6. d3 Nbd7 7. Nbd2 Qc7 8. O-O
O-O 9. Rc1 e5 10. e4 d4 11. c3 dxc3 12. Bxc3 Re8 13. a4 Ng4 14. h3 Nh6 15. Nc4
f6 16. b4 Nf7 17. Qc2 Nf8 18. Rfe1 Bd7 19. d4 exd4 20. Bxd4 Ne6 21. Ba1 Neg5
22. Kh2 Nxf3+ 23. Bxf3 Ng5 24. Bg2 Be6 25. h4 Nf7 26. Ne3 Qe7 27. b5 cxb5 28.
axb5 Rac8 29. Qa4 b6 30. Nd5 Bxd5 31. exd5 Qd7 32. Rxe8+ Rxe8 33. Qc4 Nd6 34.
Qc6 Rd8 35. Rb1 Qe7 36. Qc2 1/2-1/2

[Event "IV Open A"]
[Site "Omegna ITA"]
[Date "2016.08.06"]
[Round "2"]
[White "Tolibayev, Timur"]
[Black "Ferretti, Folco"]
[WhiteElo "2096"]
[BlackElo "2223"]
[Result "0-1"]
[PlyCount "34"]
[EventDate "2016.08.05"]

1. d4 Nf6 2. c4 e6 3. Nc3 Bb4 4. e3 b6 5. Nge2 Ba6 6. Ng3 Bxc3+ 7. bxc3 d5 8.
Ba3 dxc4 9. e4 c5 10. e5 Nd5 11. Qg4 O-O 12. dxc5 f5 13. exf6 Qxf6 14. Qd4 Qxd4
15. cxd4 b5 16. Ne2 Nc6 17. Bc1 Ncb4 0-1

[Event "IV Open A"]
[Site "Omegna ITA"]
[Date "2016.08.06"]
[Round "2"]
[White "Tripodi, Enzo"]
[Black "Mantovan, Giuseppe"]
[WhiteElo "1896"]
[BlackElo "1824"]
[Result "0-1"]
[PlyCount "106"]
[EventDate "2016.08.05"]

1. e4 e6 2. d4 d5 3. Nd2 dxe4 4. Nxe4 Bd7 5. Nf3 Bc6 6. Bd3 Nd7 7. c3 Ngf6 8.
Nxf6+ Nxf6 9. O-O Bxf3 10. Qxf3 c6 11. Re1 Be7 12. Qg3 Bd6 13. Qf3 Qa5 14. Bf4
Bxf4 15. Qxf4 O-O 16. Re5 Qd8 17. Qh4 g6 18. Rae1 Nd7 19. Qxd8 Raxd8 20. R5e3
Nf6 21. Bc4 Rd6 22. f3 Rfd8 23. Kf2 Nh5 24. Re5 Nf6 25. Ra5 a6 26. Ra3 Nd7 27.
Rb3 b5 28. Bf1 c5 29. Ra3 cxd4 30. cxd4 Nb8 31. Ke3 Rxd4 32. Rd3 Rxd3+ 33. Bxd3
Nc6 34. a4 Nb4 35. Rd1 bxa4 36. Rd2 Nd5+ 37. Kd4 Kf8 38. Rd1 Rb8 39. Rd2 a5 40.
Kc5 Rb4 41. Bc4 Ne3 42. Bb5 Nd5 43. Bc6 Ke7 44. Bxd5 exd5 45. Kxd5 Rb3 46. h3
a3 47. bxa3 Rxa3 48. Kc4 Kf6 49. Rd5 Ra2 50. g3 h6 51. Kb3 Ra1 52. h4 Re1 53.
Rxa5 Re3+ 0-1

[Event "IV Open A"]
[Site "Omegna ITA"]
[Date "2016.08.06"]
[Round "2"]
[White "Valtemara, Mattia Angelo"]
[Black "Tortora, Franco"]
[WhiteElo "1775"]
[BlackElo "1860"]
[Result "0-1"]
[PlyCount "72"]
[EventDate "2016.08.05"]

1. e4 e6 2. d4 d5 3. Nd2 Be7 4. Ngf3 Nf6 5. e5 Nfd7 6. Be2 b6 7. c3 Ba6 8. Bxa6
Nxa6 9. O-O c5 10. h3 O-O 11. Nh2 Qc8 12. Nb3 cxd4 13. cxd4 Nb4 14. Bf4 Qa6 15.
a3 Nd3 16. Qd2 Qc4 17. Nc1 Nxf4 18. Qxf4 Qc2 19. Re1 Qxb2 20. Nd3 Qc3 21. Rad1
Bxa3 22. Re3 Qc2 23. Rf1 Rac8 24. Rg3 Rc3 25. Qh6 g6 26. Nf3 Rfc8 27. Ng5 Nf8
28. Rf3 R8c7 29. Rf4 Qd2 30. Rh4 Be7 31. f4 Bxg5 32. fxg5 Rxd3 33. Rhf4 Qe3+
34. Kh1 Rxd4 35. R4f2 Qg3 36. Rf3 Qxe5 0-1

[Event "IV Open A"]
[Site "Omegna ITA"]
[Date "2016.08.06"]
[Round "2"]
[White "Vecchione, Anna Pia"]
[Black "Tripi, Nicolo'"]
[WhiteElo "1840"]
[BlackElo "1985"]
[Result "1-0"]
[PlyCount "59"]
[EventDate "2016.08.05"]

1. e4 e5 2. Nf3 Nc6 3. d4 exd4 4. Bc4 Nf6 5. O-O d6 6. Nxd4 Be7 7. Nc3 O-O 8.
Nxc6 bxc6 9. Qd3 Nd7 10. f4 Bf6 11. Ne2 Nc5 12. Qf3 Be6 13. Bb3 Re8 14. Ng3
Bd4+ 15. Kh1 Nxb3 16. axb3 Qh4 17. Qd3 Bf6 18. f5 Bd7 19. Rf4 Qg5 20. h4 Qh6
21. Rg4 g5 22. fxg6 Qf8 23. gxf7+ Kxf7 24. Rf4 Qh6 25. Bd2 Kg8 26. Rg4+ Bxg4
27. Bxh6 Bxh4 28. Nf5 Bf6 29. Qc4+ Kh8 30. Qf7 1-0

[Event "IV Open A"]
[Site "Omegna ITA"]
[Date "2016.08.06"]
[Round "2"]
[White "Vezzosi, Paolo"]
[Black "Quirico, Paolo"]
[WhiteElo "2340"]
[BlackElo "2120"]
[Result "1-0"]
[PlyCount "69"]
[EventDate "2016.08.05"]

1. d4 e6 2. Nf3 f5 3. g3 Nf6 4. Bg2 Be7 5. c4 d6 6. O-O O-O 7. Nc3 Ne4 8. Qc2
Nxc3 9. Qxc3 a5 10. Re1 Nc6 11. b3 e5 12. d5 Nb8 13. Bb2 Nd7 14. a3 Nc5 15. Nd2
Qe8 16. f4 Bf6 17. Qe3 Bd7 18. fxe5 Bxe5 19. Bxe5 Qxe5 20. Qxe5 dxe5 21. b4
axb4 22. axb4 Rxa1 23. Rxa1 Na6 24. Rb1 b6 25. e4 fxe4 26. Bxe4 Bf5 27. Bxf5
Rxf5 28. Kg2 Rf8 29. Ne4 h6 30. b5 Nb8 31. Ra1 Rc8 32. Ra8 Kf8 33. c5 Ke7 34.
c6 Rd8 35. d6+ 1-0

[Event "IV Open A"]
[Site "Omegna ITA"]
[Date "2016.08.06"]
[Round "3"]
[White "Bardi, Massimo"]
[Black "Mina, Marco"]
[WhiteElo "1953"]
[BlackElo "2057"]
[Result "1-0"]
[PlyCount "125"]
[EventDate "2016.08.05"]

1. e4 e6 2. d3 d5 3. Nd2 Nf6 4. Ngf3 c5 5. g3 g6 6. Bg2 Bg7 7. O-O O-O 8. Re1
Nc6 9. c3 Re8 10. exd5 exd5 11. Rxe8+ Qxe8 12. Nf1 Be6 13. Be3 b6 14. d4 Qe7
15. dxc5 bxc5 16. Qa4 Bd7 17. Qa3 c4 18. Bc5 Qd8 19. Rd1 Be6 20. Ne3 Qc8 21.
Nd4 Ne5 22. Nxe6 fxe6 23. Bd4 Nc6 24. Bxf6 Bxf6 25. Nxd5 exd5 26. Bxd5+ Kg7 27.
Qd6 Ne5 28. Bxa8 Qxa8 29. Qd5 Qb8 30. Rd2 Qb6 31. Re2 Qc7 32. h3 h5 33. Re4 g5
34. Kg2 g4 35. hxg4 hxg4 36. Rf4 Qb8 37. b4 Qc7 38. Re4 Kg6 39. a4 Kg7 40. b5
Kg6 41. a5 Qxa5 42. Rxe5 Bxe5 43. Qxe5 Qb6 44. Qe4+ Kf6 45. Qxc4 Qb7+ 46. Kg1
Qd7 47. Qd4+ Qxd4 48. cxd4 Kf5 49. f3 gxf3 50. Kf2 Ke4 51. d5 Kxd5 52. Kxf3 Kc4
53. g4 Kxb5 54. g5 Kb4 55. g6 Kb3 56. g7 a5 57. g8=Q+ Ka3 58. Ke3 a4 59. Kd3
Kb2 60. Qg2+ Kb3 61. Qc2+ Ka3 62. Qc1+ Ka2 63. Kc2 1-0